| 000 | 00764 a2200181 4500 | ||
|---|---|---|---|
| 001 | 140367 | ||
| 040 | _cLeonardo Da Vinci | ||
| 041 | _aPortuguês | ||
| 082 |
_a372.7 B472m _bB472m |
||
| 100 | _aBIANCHINI, Edwaldo | ||
| 245 |
_aMatemática _b6ª série |
||
| 250 | _a2.ed | ||
| 260 |
_bModerna _c1987 _aSão Paulo |
||
| 300 | _a134 | ||
| 362 | _a19870000 | ||
| 697 |
_aMatemática _aConjuntos _aNúmeros inteiros _aNúmero oposto _aNúmero simétrico _aOperações _aNúmeros racionais _aQuociente _aEquação do 1. grau _aInequação do 1. grau _aLinguagem simbólica _aPar ordenado _aPlano cartesiano _aRazão _aRazões inversas _aProporção _aRegra de três _aPorcentagem _aJuros _aÂngulo _aMedida _aBissetriz _aMedida aritmética _aEnsino Fundamental 2. ciclo |
||
| 942 | _cBK | ||
| 999 |
_c140367 _d140367 |
||